10 ideas clave : (Record no. 182387)

MARC details
000 -CABECERA
campo de control de longitud fija 00755nam a2200229 u 4500
005 - FECHA Y HORA DE LA ÚLTIMA TRANSACCIÓN
campo de control 20230705063559.0
008 - ELEMENTOS DE LONGITUD FIJA--INFORMACIÓN GENERAL
campo de control de longitud fija 160512s2011 r 000 0 eng d
020 ## - NÚMERO INTERNACIONAL NORMALIZADO PARA LIBROS
Número Internacional Estándar del Libro 9788499800691
035 ## - NÚMERO DE CONTROL DEL SISTEMA
Número de control de sistema UPN01000210286
049 ## - COLECCIÓN
Colección CG
050 #4 - SIGNATURA TOPOGRÁFICA DE LA BIBLIOTECA DEL CONGRESO
Número de clasificación LB1043
-- A4.3
100 1# - ASIENTO PRINCIPAL--NOMBRE PERSONAL
Nombre de persona Ambròs Pallarés, Alba
9 (RLIN) 39155
245 10 - MENCIÓN DE TÍTULO
Título 10 ideas clave :
Resto del título educar en medios de comunicación : educación mediática /
Mención de responsabilidad, etc. Alba Ambrós, Ramon Breu.
260 ## - PUBLICACIÓN, DISTRIBUCIÓN, ETC.
Lugar de publicación, distribución, etc. Barcelona, Esp. :
Nombre del editor, distribuidor, etc. Graó,
Fecha de publicación, distribución, etc. 2011.
300 ## - DESCRIPCIÓN FÍSICA
Extensión 230 p. :
Otras características físicas cuadros
440 #0 - MENCIÓN DE SERIE/ASIENTO SECUNDARIO--TÍTULO
Título Ideas clave ;
Designación de volumen o secuencia 15
650 #4 - ASIENTO SECUNDARIO DE MATERIA - TERMINO TEMATICO
Término de materia o nombre geográfico como elemento de entrada Medios masivos de comunicación en la educación
9 (RLIN) 4936
650 #4 - ASIENTO SECUNDARIO DE MATERIA - TERMINO TEMATICO
Término de materia o nombre geográfico como elemento de entrada Enseñanza audiovisual
9 (RLIN) 13757
700 1# - ASIENTO SECUNDARIO--NOMBRE DE PERSONAL
Nombre de persona Breu Pañella, Ramon,
Fechas asociadas al nombre 1956-
Término indicativo de función/relación coaut.
9 (RLIN) 41805
905 ## - TIPO DE MATERIAL
Tipo de material Libro
Holdings
Estado de retiro Estado de pérdida Fuente del sistema de clasificación o colocación Estado dañado No para préstamo Código de colección Localización permanente Ubicación/localización actual Ubicación en estantería Fecha de adquisición Total de préstamos Renovaciones totales Clasificación Código de barras Fecha visto por última vez Fecha del último préstamo Número de copia Tipo de ítem Koha
    Library of Congress Classification     Colección General Bib. Gregorio Torres Quintero Bib. Gregorio Torres Quintero Planta baja 01/04/2022 12 2 LB1043 A4.3 310765 27/11/2024 12/11/2024 1 Libro